=LDR 00000nam 2200000 4500 =001 INLIS000000000026796 =005 20200803084132 =035 ##$$a 0010-061300000026796 =008 200803################g##########0#ind## =041 ##$$a ind =082 ##$$a 2x7.3 =090 ##$$a 2x7.3, IND p =245 1#$$a Panduan kegiatan ekstra kurikuler pendidikan Agama Islam /$c Departemen Agama Direktorat Jendral Kelembagaan Agama Islam =260 ##$$a Jakarta :$b Departemen Agama,$c 2005 =300 ##$$a viii, 60 hlm. ; $c 15x21 cm. =650 #4$$a Islam =650 #4$$a Pendidikan =850 ##$$a NBPNMAT =084 ##$$a 2x7.3 IND p =100 #$$a Indonesia =990 ##$$a 20706290 =990 ##$$a 20706291 =990 ##$$a 20706289 =990 ##$$a 20706292 =990 ##$$a 20706289/pb-07 =990 ##$$a 20706290 =990 ##$$a 20706291 =990 ##$$a 20706292